The noble scholar, jurist, historian


 His Excellency Dr. Abdul Wahhab bin Ibrahim Abu Sulaiman, may Allah have mercy on him.


 He was born in Umm Al-Qura in the year 1356 AH.

أسد الغابة في معرفة الصحابة / (Record no. 3928)

MARC details
000 -LEADER
fixed length control field 02207cam a2200265 i 4500
003 - CONTROL NUMBER IDENTIFIER
control field SA-RiAUC
005 - DATE AND TIME OF LATEST TRANSACTION
control field 20241225055249.0
008 - FIXED-LENGTH DATA ELEMENTS--GENERAL INFORMATION
fixed length control field 241224s1970 ||| g 000 0cara c
040 ## - CATALOGING SOURCE
Original cataloging agency SA-JeALM
Language of cataloging ara
Transcribing agency SA-RiAUC
Description conventions rda
082 04 - DEWEY DECIMAL CLASSIFICATION NUMBER
Classification number 239.9
090 ## - LOCALLY ASSIGNED LC-TYPE CALL NUMBER (OCLC); LOCAL CALL NUMBER (RLIN)
Classification number (OCLC) (R) ; Classification number, CALL (RLIN) (NR) 239.9
Local cutter number (OCLC) ; Book number/undivided call number, CALL (RLIN) ا ب ن ا
100 1# - MAIN ENTRY--PERSONAL NAME
Personal name ابن الأثير، علي بن محمد بن عبد الكريم،
Dates associated with a name 555-630 هجري
Relator term مؤلف.
245 10 - TITLE STATEMENT
Title أسد الغابة في معرفة الصحابة /
Statement of responsibility, etc. عز الدين بن الأثير أبي الحسن علي بن محمد الجزري.
264 #1 - PRODUCTION, PUBLICATION, DISTRIBUTION, MANUFACTURE, AND COPYRIGHT NOTICE
Place of production, publication, distribution, manufacture القاهرة :
Name of producer, publisher, distributor, manufacturer دار الشعب،
Date of production, publication, distribution, manufacture, or copyright notice 1970
300 ## - PHYSICAL DESCRIPTION
Extent 7 مجلد ؛
Dimensions 27 سم
336 ## - CONTENT TYPE
Content type term نص
Content type code txt
Source rdacontent
Materials specified كتاب
337 ## - MEDIA TYPE
Media type term بدون وسيط
Media type code n
Source rdamedia
338 ## - CARRIER TYPE
Carrier type term مجلد
Carrier type code nc
Source rdacarrier
500 ## - GENERAL NOTE
General note اهداء من محمد علي مغربي الى الشيخ عبدالوهاب ابو سليمان رحمه الله بتاريخ 4 / 3 / 1408 هـ
650 #7 - SUBJECT ADDED ENTRY--TOPICAL TERM
Topical term or geographic name entry element الصحابة والتابعون
Form subdivision تراجم
Source of heading or term aucsh
856 ## - ELECTRONIC LOCATION AND ACCESS
Uniform Resource Identifier <a href="http://saaid.net/book/open.php?cat=7&book=953">http://saaid.net/book/open.php?cat=7&book=953</a>
Link text External Link
Access method نرجو الانتباه لإمكانية وجود اختلاف في الطبعة أو الناشر بين البيانات على البوابة وما ستجده على الكتاب نظرا لمحدودية المعلومات المتاحة على الموقع الناشر للمادة.
Materials specified Please note that there may be a difference in the edition or publisher between the data on the portal and the book due to the limited information available on the publisher website for the material.
856 ## - ELECTRONIC LOCATION AND ACCESS
Uniform Resource Identifier <a href="http://saaid.net/book/2/452.zip">http://saaid.net/book/2/452.zip</a>
Link text Digital Copy
Access method نرجو الانتباه لإمكانية وجود اختلاف في الطبعة أو الناشر بين البيانات على البوابة وما ستجده على الكتاب نظرا لمحدودية المعلومات المتاحة على الموقع الناشر للمادة.
Materials specified Please note that there may be a difference in the edition or publisher between the data on the portal and the book due to the limited information available on the publisher website for the material.
942 ## - ADDED ENTRY ELEMENTS (KOHA)
Source of classification or shelving scheme Dewey Decimal Classification
Koha item type Books
Suppress in OPAC No
949 ## - LOCAL PROCESSING INFORMATION (OCLC)
a SA-JeALM
d 241224
u osman123
n 1
Holdings
Withdrawn status Lost status Source of classification or shelving scheme Materials specified (bound volume or other part) Damaged status Not for loan Collection Home library Current library Date acquired Total checkouts Full call number Barcode Date last seen Price effective from Koha item type
    Dewey Decimal Classification المجلد الاول     اهداء DR AbdElwahab Library DR AbdElwahab Library 12/25/2024   239.9 ا ب ن ا 000006301 12/25/2024 12/25/2024 Books
    Dewey Decimal Classification المجلد الثاني     اهداء DR AbdElwahab Library DR AbdElwahab Library 12/25/2024   239.9 ا ب ن ا 000006302 12/25/2024 12/25/2024 Books
    Dewey Decimal Classification المجلد الثالث     اهداء DR AbdElwahab Library DR AbdElwahab Library 12/25/2024   239.9 ا ب ن ا 000006303 12/25/2024 12/25/2024 Books
    Dewey Decimal Classification المجلد الرابع     اهداء DR AbdElwahab Library DR AbdElwahab Library 12/25/2024   239.9 ا ب ن ا 000006304 12/25/2024 12/25/2024 Books
    Dewey Decimal Classification المجلد الخامس     اهداء DR AbdElwahab Library DR AbdElwahab Library 12/25/2024   239.9 ا ب ن ا 000006305 12/25/2024 12/25/2024 Books
    Dewey Decimal Classification المجلد السادس     اهداء DR AbdElwahab Library DR AbdElwahab Library 12/25/2024   239.9 ا ب ن ا 000006306 12/25/2024 12/25/2024 Books
    Dewey Decimal Classification المجلد السابع     اهداء DR AbdElwahab Library DR AbdElwahab Library 12/25/2024   239.9 ا ب ن ا 000006307 12/25/2024 12/25/2024 Books